[Event "Schoenhagen Cup Seniors 20th"]
[Site "Schoenhagen/Uslar"]
[Date "2011.09.13"]
[Round "9"]
[White "Weissbarth, Doris"]
[Black "Oswald, Werner"]
[Result "0-1"]
[WhiteElo "1100"]
[BlackElo "1794"]
[PlyCount "60"]
[EventDate "2011.09.05"]
[EventType "swiss"]
[EventRounds "9"]
[EventCountry "GER"]
[SourceTitle "EXT 2012"]
[Source "ChessBase"]
[SourceDate "2011.11.24"]
[SourceVersion "1"]
[SourceVersionDate "2011.11.24"]
[SourceQuality "1"]

1. e4 e5 2. Nf3 Nc6 3. d3 Bc5 4. Nc3 d6 5. Nd5 Bg4 6. Be2 Nce7 7. 0-0 c6 8. g3 cxd5 9. Bg5 f6 10. Bd2 f5 11. Ng5 Bxe2 12. Qxe2 Qd7 13. Be3 Nf6 14. Bxc5 dxc5 15. Nf7 Kxf7 16. a3 Rhf8 17. Qe3 d4 18. Qg5 Kg8 19. h4 h6 20. Qc1 Nh5 21. Qe1 Rf6 22. a4 Nxg3 23. fxg3 Rg6 24. Kg2 Rxg3+ 25. Kxg3 Rf8 26. a5 Ng6 27. a6 b6 28. c4 Nf4 29. Rf2 fxe4 30. dxe4 Qh3# 0-1

[Event "Schoenhagen Cup Seniors 20th"]
[Site "Schoenhagen/Uslar"]
[Date "2011.09.11"]
[Round "7"]
[White "Weissbarth, Doris"]
[Black "Hartlaub, Marianne"]
[Result "0-1"]
[WhiteElo "1100"]
[BlackElo "1370"]
[PlyCount "78"]
[EventDate "2011.09.05"]
[EventType "swiss"]
[EventRounds "9"]
[EventCountry "GER"]
[SourceTitle "EXT 2012"]
[Source "ChessBase"]
[SourceDate "2011.11.24"]
[SourceVersion "1"]
[SourceVersionDate "2011.11.24"]
[SourceQuality "1"]

1. e4 d6 2. Nc3 c6 3. Nf3 Bg4 4. Be2 Nd7 5. Nd4 Bxe2 6. Ndxe2 e5 7. 0-0 g6 8. d3 Bg7 9. Bg5 f6 10. Bh4 Ne7 11. Ng3 0-0 12. f3 g5 13. Nf5 gxh4 14. Nxh4 f5 15. d4 f4 16. Qd3 Qc7 17. Qc4+ Kh8 18. Qe6 Rae8 19. Qg4 exd4 20. Ne2 Ne5 21. Qh5 c5 22. g3 N7g6 23. Nxg6+ Nxg6 24. g4 Re5 25. g5 Qe7 26. Qg4 Rxg5 27. Nxf4 Rxg4+ 28. Ng2 Rg5 29. Rf2 Nf4 30. h4 Rg3 31. Kh2 Rxg2+ 32. Rxg2 Nxg2 33. Kxg2 Qxh4 34. Rh1 Qf4 35. Rh2 Qxf3+ 36. Kg1 Qxe4 37. Rf2 Qg6+ 38. Kf1 Rxf2+ 39. Ke1 Qg1# 0-1

[Event "Schoenhagen Cup Seniors 20th"]
[Site "Schoenhagen/Uslar"]
[Date "2011.09.09"]
[Round "5"]
[White "Weissbarth, Doris"]
[Black "Schmidt, Erich"]
[Result "0-1"]
[WhiteElo "1100"]
[BlackElo "1634"]
[PlyCount "62"]
[EventDate "2011.09.05"]
[EventType "swiss"]
[EventRounds "9"]
[EventCountry "GER"]
[SourceTitle "EXT 2012"]
[Source "ChessBase"]
[SourceDate "2011.11.24"]
[SourceVersion "1"]
[SourceVersionDate "2011.11.24"]
[SourceQuality "1"]

1. e4 g6 2. d3 Bg7 3. Nf3 d6 4. Bd2 Bxb2 5. Bc3 Bxa1 6. Bxh8 Bxh8 7. Be2 f5 8. Ng5 Nf6 9. 0-0 h6 10. Nh3 Be6 11. e5 dxe5 12. Bf3 Bd5 13. Bxd5 Qxd5 14. Qf3 Qxf3 15. gxf3 Nc6 16. Re1 Rd8 17. f4 Nd4 18. fxe5 Nf3+ 19. Kf1 Nxe1 20. exf6 Nxc2 21. Nf4 Kf7 22. Nh3 Rxd3 23. Nf4 Rd1+ 24. Ke2 Rxb1 25. Nd5 Bxf6 26. Nxc7 Rb2 27. a4 f4 28. Kf3 g5 29. Kg4 Nd4 30. f3 Rxh2 31. a5 h5# 0-1

[Event "Schoenhagen Cup Seniors 20th"]
[Site "Schoenhagen/Uslar"]
[Date "2011.09.06"]
[Round "2"]
[White "Weissbarth, Doris"]
[Black "Daebel, Hasso"]
[Result "0-1"]
[WhiteElo "1100"]
[BlackElo "1500"]
[PlyCount "104"]
[EventDate "2011.09.05"]
[EventType "swiss"]
[EventRounds "9"]
[EventCountry "GER"]
[SourceTitle "EXT 2012"]
[Source "ChessBase"]
[SourceDate "2011.11.24"]
[SourceVersion "1"]
[SourceVersionDate "2011.11.24"]
[SourceQuality "1"]

1. e4 c5 2. d3 Nc6 3. Nc3 g6 4. Nf3 Bg7 5. Nb5 a6 6. Na3 d6 7. Nc4 b5 8. Ne3 Bb7 9. c3 e6 10. Be2 Nge7 11. 0-0 0-0 12. Ng5 Nc8 13. g3 Ne5 14. d4 cxd4 15. cxd4 Qxg5 16. dxe5 dxe5 17. h4 Qe7 18. a3 Nd6 19. b4 Bxe4 20. f3 Bb7 21. a4 Nf5 22. Qc2 Nd4 23. Qd1 Nxe2+ 24. Qxe2 Bc6 25. a5 Rad8 26. Rb1 Rd4 27. Bb2 Rd6 28. Ng4 f6 29. Rbc1 Rfd8 30. Rfd1 Qd7 31. Qf2 Rxd1+ 32. Rxd1 Qxd1+ 33. Kg2 Qd2 34. Qxd2 Rxd2+ 35. Nf2 Rxb2 36. g4 Rxb4 37. Kg3 Rb3 38. h5 Rxf3+ 39. Kg2 Ra3+ 40. Kf1 g5 41. Ke2 f5 42. Nd3 Ra2+ 43. Ke3 f4+ 44. Nxf4 exf4+ 45. Kd3 Ra3+ 46. Kc2 Bd5 47. h6 Bd4 48. Kd2 Bc4 49. Kc2 Ra2+ 50. Kb1 Bc3 51. Kc1 Bd3 52. Kd1 Ra1# 0-1